000 00307nam a22001337a 4500
008 170414b xxu||||| |||| 00| 0 eng d
020 _a0306424711
041 _aeng
080 _a612.39
100 _a10
101 _aSHM
245 _aESSENTIAL NUTRIENTS IN CARCIGENESIS
_cPOIRIER, L.A
942 _2udc
_cBK
999 _c10743
_d10743